000 00995nam a2200229 i 4500
001 186490
003 SpMaBN
005 20230906222659.0
008 161117s1988 sp aceo c |||| |dspa d
020 _a84-7433-570-1
080 _a72 Dudok, Williem Marinus (064.3)
100 1 _aDudok, Williem Marinus.
_9161290
245 1 0 _aDudok, arquitecto de Hilversum, 1884-1974
_b: Dirección General para la Vivienda y Arquitectura, 29 de septiembre a 6 de noviembre de 1988 : [exposición] /
_c[comisarios, Gerardo Porto Montoto, Alberto Unsain González de Suso].
260 _a[Madrid] :
_bCentro de Publicaciones, MOPU,
_c[1988]
300 _a99 p. :
_bil. col., 1 retr., planos, fot. ;
_c30 cm.
600 1 7 _aDudok, Williem Marinus-
_vExposiciones.
_9161291
655 7 _2tgfbne
_9193628
_aCatálogos de exposiciones
710 1 _aEspaña.
_bDirección General para la Vivienda y Arquitectura.
_9161292
852 _aES-MaACL
_jL-30835
942 _2udc
999 _c186490
_d186490